Computer organization and design : the hardware/software interface (Record no. 61674)
[ view plain ]
| 000 -LEADER | |
|---|---|
| fixed length control field | 00837nam a22002177a 4500 |
| 003 - CONTROL NUMBER IDENTIFIER | |
| control field | NUST-PNEC |
| 005 - DATE AND TIME OF LATEST TRANSACTION | |
| control field | 20170116180727.0 |
| 008 - FIXED-LENGTH DATA ELEMENTS--GENERAL INFORMATION | |
| fixed length control field | 141107b xxu||||| |||| 00| 0 eng d |
| 020 ## - INTERNATIONAL STANDARD BOOK NUMBER | |
| International Standard Book Number | 8181475348 |
| 040 ## - CATALOGING SOURCE | |
| Transcribing agency | PNEC |
| 082 ## - DEWEY DECIMAL CLASSIFICATION NUMBER | |
| Classification number | 004.22 PAT |
| 100 ## - MAIN ENTRY--PERSONAL NAME | |
| 9 (RLIN) | 945 |
| Personal name | Patterson, David A. |
| 245 ## - TITLE STATEMENT | |
| Title | Computer organization and design : the hardware/software interface |
| Statement of responsibility, etc. | David A. Petterson, John L. Hennessy |
| 250 ## - EDITION STATEMENT | |
| Edition statement | 3rd ed. (South Asia edition) |
| 260 ## - PUBLICATION, DISTRIBUTION, ETC. | |
| Place of publication, distribution, etc. | New Delhi |
| Name of publisher, distributor, etc. | Elsevier India Pvt. Ltd.,(morgan Kaufmann; Corners Dog Earred edition) |
| Date of publication, distribution, etc. | c2005. |
| 300 ## - PHYSICAL DESCRIPTION | |
| Extent | xvii, 621p. : |
| Other physical details | ill. ; |
| Dimensions | 24 cm. |
| 500 ## - GENERAL NOTE | |
| General note | Includes Index |
| 650 ## - SUBJECT ADDED ENTRY--TOPICAL TERM | |
| General subdivision | Computer, MIS |
| 856 ## - ELECTRONIC LOCATION AND ACCESS | |
| Uniform Resource Identifier | <a href="http://www.amazon.com/Computer-Organization-Design-3rd-Third/dp/B002FCLRHQ/ref=sr_1_1?s=books&ie=UTF8&qid=1415359185&sr=1-1&keywords=8181475348">http://www.amazon.com/Computer-Organization-Design-3rd-Third/dp/B002FCLRHQ/ref=sr_1_1?s=books&ie=UTF8&qid=1415359185&sr=1-1&keywords=8181475348</a> |
| 942 ## - ADDED ENTRY ELEMENTS (KOHA) | |
| Source of classification or shelving scheme | |
| Koha item type | Book |
| Withdrawn status | Lost status | Source of classification or shelving scheme | Damaged status | Not for loan | Permanent Location | Current Location | Shelving location | Date acquired | Cost, normal purchase price | Total Checkouts | Full call number | Barcode | Date last seen | Cost, replacement price | Price effective from | Koha item type |
|---|---|---|---|---|---|---|---|---|---|---|---|---|---|---|---|---|
| Pakistan Navy Engineering College (PNEC) | Pakistan Navy Engineering College (PNEC) | 05/07/2005 | 620.00 | 004.22 PAT | PNECLIB-027242 | 11/07/2014 | 620.00 | 05/07/2005 | Book |
